|
|
|
|
| LEADER |
00938nam a22002297a 4500 |
| 001 |
AAL6884 |
| 003 |
BD-DhAAL |
| 005 |
20160209154034.0 |
| 008 |
150916s2001 bg a|||| |||| 00| 0 ben d |
| 020 |
|
|
|a 9844583020
|
| 040 |
|
|
|a BD-DhAAL
|c BD-DhAAL
|
| 082 |
|
|
|2 22
|a 954.9205
|
| 100 |
|
|
|a রফিক, আহমদ
|9 14718
|
| 245 |
|
|
|a একাত্তরের পাকবর্বতার সংবাদভাষ্য /
|c আহমদ রফিক
|
| 260 |
|
|
|a ঢাকা :
|b সময় প্রকাশন,
|c 2001
|
| 300 |
|
|
|a ২৬২ পৃ. :
|b চিত্র ;
|c ২১ সে. মি.
|
| 541 |
|
|
|e 6884
|
| 650 |
|
|
|a India-Pakistan Conflict, 1971
|x Mass media and the conflict
|9 14719
|
| 852 |
|
|
|a Savar Caampus Library
|
| 942 |
|
|
|2 ddc
|c BK
|
| 999 |
|
|
|c 35568
|d 35568
|
| 952 |
|
|
|0 0
|1 0
|2 ddc
|4 0
|6 954_920500000000000_RAF
|7 0
|9 55941
|a SCL
|b SCL
|c GEN
|d 2015-09-16
|l 2
|o 954.9205 RAF
|p 3020006884
|r 2023-04-15
|s 2023-04-14
|t 1
|w 2015-09-16
|y BK
|